[Event "HUN-chT2 Toth 1314"]
[Site "Hungary"]
[Date "2014.02.02"]
[Round "6.8"]
[White "Czibulya, Ferenc"]
[Black "Nagy, Karoly1111"]
[Result "1/2-1/2"]
[WhiteElo "1912"]
[BlackElo "2091"]
[PlyCount "46"]
[EventDate "2013.09.08"]
[EventType "team-tourn"]
[EventRounds "11"]
[EventCountry "HUN"]
[SourceTitle "EXT 2016"]
[Source "ChessBase"]
[SourceDate "2015.10.08"]
[SourceVersion "1"]
[SourceVersionDate "2015.10.08"]
[SourceQuality "1"]
[WhiteTeam "Szentes"]
[BlackTeam "Ujszasz"]
[WhiteTeamCountry "HUN"]
[BlackTeamCountry "HUN"]

1. d4 d5 2. Nf3 e6 3. e3 f5 4. c4 Nf6 5. Nc3 c6 6. Bd3 Bd6 7. 0-0 0-0 8. a3 Ne4 9. cxd5 exd5 10. Re1 Nd7 11. Qc2 Kh8 12. b4 a6 13. Bb2 Qf6 14. Na4 Qe7 15. Nc5 Ndf6 16. Ne5 Nxc5 17. bxc5 Bxe5 18. dxe5 Ng4 19. f4 Be6 20. h3 Nh6 21. Bd4 Rae8 22. Rab1 Bc8 23. a4 Qe6 1/2-1/2

[Event "HUN-chT2 Toth 0506"]
[Site "Hungary"]
[Date "2005.10.30"]
[Round "2"]
[White "Czibulya, Ferenc"]
[Black "Herpai, Jozsef"]
[Result "0-1"]
[WhiteElo "2088"]
[BlackElo "2256"]
[PlyCount "84"]
[EventDate "2005.10.16"]
[EventType "team"]
[EventRounds "11"]
[EventCountry "HUN"]
[SourceTitle "EXT 2009"]
[Source "ChessBase"]
[SourceDate "2008.11.26"]
[SourceVersion "1"]
[SourceVersionDate "2008.11.26"]
[SourceQuality "1"]
[WhiteTeam "Szentes"]
[BlackTeam "Maroczy"]
[WhiteTeamCountry "HUN"]
[BlackTeamCountry "HUN"]

1. d4 Nf6 2. c4 e6 3. Nc3 Bb4 4. Nf3 0-0 5. Bd2 d5 6. e3 b6 7. a3 Be7 8. g3 Bb7 9. cxd5 Nxd5 10. Bg2 Ba6 11. b4 c6 12. Ne2 Nd7 13. 0-0 Rc8 14. Re1 Bd3 15. Qb3 Be4 16. Nc3 Nxc3 17. Bxc3 Qc7 18. Nd2 Bxg2 19. Kxg2 c5 20. Qd1 Nf6 21. Rc1 Qd7 22. Qf3 cxb4 23. Bxb4 Bxb4 24. axb4 Nd5 25. Rxc8 Qxc8 26. Rb1 Qc2 27. Qd1 Nxb4 28. Qxc2 Nxc2 29. Rb2 Rc8 30. Ne4 Rc6 31. h4 Kf8 32. Nd2 a5 33. Nb1 a4 34. Ra2 b5 35. Rb2 a3 36. Nxa3 Nxa3 37. Rb3 Ra6 38. Kf3 Ke7 39. g4 Kd6 40. e4 Kc6 41. Kg3 Nc4 42. f3 Ra3 0-1

[Event "HUN-chT2 Toth 0304"]
[Site "Hungary"]
[Date "2003.11.30"]
[Round "4"]
[White "Csomos, Roland"]
[Black "Czibulya, Ferenc"]
[Result "1-0"]
[WhiteElo "2225"]
[BlackElo "2257"]
[PlyCount "60"]
[EventDate "2003.09.28"]
[EventType "team"]
[EventRounds "11"]
[EventCountry "HUN"]
[SourceTitle "EXT 2009"]
[Source "ChessBase"]
[SourceDate "2008.11.26"]
[SourceVersion "1"]
[SourceVersionDate "2008.11.26"]
[SourceQuality "1"]
[WhiteTeam "GYDSE"]
[BlackTeam "Szentes"]
[WhiteTeamCountry "HUN"]
[BlackTeamCountry "HUN"]

1. d4 Nf6 2. c4 g6 3. f3 d5 4. cxd5 Nxd5 5. e4 Nf6 6. Be3 Bg7 7. Nc3 a6 8. Bc4 0-0 9. Nge2 e6 10. Qd2 Nbd7 11. e5 Nb6 12. exf6 Nxc4 13. Qd3 Nxb2 14. Qc2 Qxf6 15. Qxb2 c5 16. 0-0 Re8 17. Rac1 Qe7 18. f4 b5 19. Ne4 Bb7 20. Nxc5 Bf6 21. Nc3 Red8 22. N3e4 Bg7 23. Rfd1 Rd5 24. Nd3 a5 25. Ne5 Bxe5 26. fxe5 Kg7 27. Bg5 Qb4 28. Qf2 f5 29. exf6+ Kf7 30. Bh6 Rf5 1-0

[Event "HUN-chT2 Toth 0203"]
[Site "Hungary"]
[Date "2002.11.24"]
[Round "3"]
[White "Csikos, Mihaly"]
[Black "Czibulya, Ferenc"]
[Result "1-0"]
[WhiteElo "2179"]
[BlackElo "2306"]
[PlyCount "37"]
[EventDate "2002.09.22"]
[EventType "team"]
[EventRounds "11"]
[EventCountry "HUN"]
[SourceTitle "EXT 2009"]
[Source "ChessBase"]
[SourceDate "2008.11.26"]
[SourceVersion "1"]
[SourceVersionDate "2008.11.26"]
[SourceQuality "1"]

1. e4 c5 2. Nf3 e6 3. c3 Nf6 4. e5 Nd5 5. d4 cxd4 6. cxd4 Qa5+ 7. Bd2 Bb4 8. Bc4 Bxd2+ 9. Nbxd2 Ne7 10. 0-0 b5 11. Bd3 Bb7 12. Ne4 0-0 13. Nd6 Bc6 14. Ng5 h6 15. Qh5 Ng6 16. Ndxf7 Rxf7 17. Bxg6 Re7 18. Bf7+ Kh8 19. Qg6 1-0